000
00245nam a2200109Ia 4500
008
240625s9999 xx 000 0 und d
041
_a
eng
082
_a
050 MM
100
_a
MANORAMA MALAYALA
245
_a
MANORAMA YEARBOOK 2016
260
_c
2016
999
_c
35204
_d
35204